[Event "US Masters op"]
[Site "Charlotte"]
[Date "2023.11.24"]
[Round "4"]
[White "Ringoir, Tanguy"]
[Black "Heimann, Mark A"]
[Result "1/2-1/2"]
[WhiteElo "2507"]
[BlackElo "2440"]
[PlyCount "59"]
[EventDate "2023.11.22"]
[EventType "swiss"]
[EventRounds "9"]
[EventCountry "USA"]
[SourceTitle "CB48_2023"]
[SourceDate "2023.11.29"]
[SourceVersion "1"]
[SourceVersionDate "2023.11.29"]
[SourceQuality "1"]

1. d4 Nf6 2. c4 e6 3. Nf3 d5 4. g3 Bb4+ 5. Bd2 Be7 6. Bg2 0-0 7. 0-0 Nbd7 8. Qc2 c6 9. Bf4 b6 10. Nbd2 Nh5 11. e3 Bb7 12. cxd5 cxd5 13. Bc7 Qe8 14. Rfc1 Nb8 15. Bf1 Na6 16. Qb3 Nxc7 17. Rxc7 Bc8 18. Bb5 Qd8 19. Rc2 Bb7 20. Rac1 Bd6 21. Ne5 Qe7 22. Bc6 Rfc8 23. Qa4 Nf6 24. Bxb7 Rxc2 25. Qxc2 Qxb7 26. Qc6 Qxc6 27. Rxc6 Rd8 28. Nb1 Bxe5 29. dxe5 Ng4 30. Rc7 1/2-1/2

[Event "Charlotte CCCSA Fall GM-B"]
[Site "Charlotte"]
[Date "2023.11.20"]
[Round "7"]
[White "Ringoir, Tanguy"]
[Black "Griffith, Kyron"]
[Result "1/2-1/2"]
[WhiteElo "2507"]
[BlackElo "2358"]
[PlyCount "63"]
[EventDate "2023.11.17"]
[EventType "tourn"]
[EventRounds "9"]
[EventCountry "USA"]
[EventCategory "8"]
[SourceTitle "CB48_2023"]
[SourceDate "2023.11.29"]
[SourceVersion "1"]
[SourceVersionDate "2023.11.29"]
[SourceQuality "1"]

1. d4 Nf6 2. c4 e6 3. Nf3 d5 4. g3 Bb4+ 5. Bd2 Be7 6. Bg2 0-0 7. 0-0 Nbd7 8. Qc2 c6 9. Bf4 a5 10. Rd1 a4 11. a3 Ne4 12. Nfd2 Nxd2 13. Nxd2 g5 14. Be3 f5 15. f3 f4 16. Bf2 Rf7 17. e4 fxe3 18. Bxe3 Nf8 19. Re1 Bd7 20. Bf2 b5 21. cxb5 cxb5 22. Nf1 b4 23. Ne3 h5 24. Qe2 bxa3 25. bxa3 Bd6 26. Nc2 Rb8 27. Qd2 Rb3 28. Rab1 Rg7 29. Ra1 Qb8 30. Re3 Rb2 31. Rc3 h4 32. Qe1 1/2-1/2

[Event "Charlotte CCCSA Summer IM-B"]
[Site "Charlotte"]
[Date "2022.07.27"]
[Round "5"]
[White "Ringoir, Tanguy"]
[Black "Eckert, Doug D"]
[Result "1-0"]
[WhiteElo "2490"]
[BlackElo "2177"]
[PlyCount "75"]
[EventDate "2022.07.24"]
[EventType "tourn"]
[EventRounds "9"]
[EventCountry "USA"]
[SourceTitle "CBM 209 Extra"]
[Source "ChessBase"]
[SourceDate "2022.09.30"]
[SourceVersion "1"]
[SourceVersionDate "2022.09.30"]
[SourceQuality "1"]

1. d4 Nf6 2. c4 e6 3. Nf3 d5 4. Nc3 Bb4 5. cxd5 exd5 6. Bg5 h6 7. Bh4 0-0 8. e3 Bf5 9. Be2 Nbd7 10. Qb3 Qe7 11. a3 Bxc3+ 12. Qxc3 c6 13. Nd2 Rfe8 14. 0-0 Nb6 15. a4 Nc8 16. Ra3 Ne4 17. Bxe7 Nxc3 18. bxc3 Rxe7 19. c4 dxc4 20. Nxc4 Be6 21. Ne5 Nd6 22. Rc1 f6 23. Ng6 Rd7 24. f3 Kh7 25. Nf4 Bf7 26. Bd3+ f5 27. Rc5 g5 28. Ne2 Bg6 29. d5 cxd5 30. Rxd5 Rad8 31. Nd4 f4 32. Ne6 Rc8 33. Bb5 Re7 34. Rxd6 a6 35. Be2 Rce8 36. Nd4 fxe3 37. Rc3 b5 38. Rcc6 1-0

[Event "Charlotte op"]
[Site "Charlotte"]
[Date "2021.12.29"]
[Round "6"]
[White "Ringoir, Tanguy"]
[Black "Preotu, Razvan"]
[Result "1-0"]
[WhiteElo "2486"]
[BlackElo "2473"]
[PlyCount "67"]
[EventDate "2021.12.26"]
[EventType "swiss"]
[EventRounds "9"]
[EventCountry "USA"]
[SourceTitle "CBM 205 Extra"]
[Source "ChessBase"]
[SourceDate "2022.01.31"]
[SourceVersion "1"]
[SourceVersionDate "2022.01.31"]
[SourceQuality "1"]

1. d4 Nf6 2. c4 g6 3. Nc3 d5 4. cxd5 Nxd5 5. e4 Nxc3 6. bxc3 Bg7 7. Nf3 c5 8. Be3 Bg4 9. Rb1 Nc6 10. Rxb7 cxd4 11. cxd4 Bxf3 12. gxf3 0-0 13. d5 Ne5 14. Be2 Qa5+ 15. Kf1 Qxa2 16. Rxe7 Nc4 17. Bxc4 Qxc4+ 18. Qe2 Qb4 19. Rxa7 Rxa7 20. Bxa7 Ra8 21. Be3 Qb3 22. Kg2 Ra2 23. Qe1 Be5 24. Bh6 f6 25. Qd1 Qb6 26. Rf1 Kf7 27. f4 Bd4 28. Qg4 Qd6 29. Qc8 Qe7 30. e5 fxe5 31. Qh8 Qd6 32. Qxh7+ Ke8 33. Qg8+ Kd7 34. Bg5 1-0

[Event "Charlotte op"]
[Site "Charlotte"]
[Date "2021.12.27"]
[Round "3"]
[White "Sharma, Hemant"]
[Black "Ringoir, Tanguy"]
[Result "1/2-1/2"]
[WhiteElo "2356"]
[BlackElo "2486"]
[PlyCount "27"]
[EventDate "2021.12.26"]
[EventType "swiss"]
[EventRounds "9"]
[EventCountry "USA"]
[SourceTitle "CBM 205 Extra"]
[Source "ChessBase"]
[SourceDate "2022.01.31"]
[SourceVersion "1"]
[SourceVersionDate "2022.01.31"]
[SourceQuality "1"]

1. c4 c5 2. g3 g6 3. Bg2 Bg7 4. Nc3 Nc6 5. d3 d6 6. e4 e5 7. Nge2 Nge7 8. a3 0-0 9. 0-0 f5 10. f4 Rb8 11. Rb1 a5 12. Be3 fxe4 13. Nxe4 Nf5 14. Bd2 1/2-1/2

[Event "Charlotte CCCSA Holiday GM"]
[Site "Charlotte"]
[Date "2021.12.21"]
[Round "6"]
[White "Liang, Jason"]
[Black "Ringoir, Tanguy"]
[Result "1-0"]
[WhiteElo "2410"]
[BlackElo "2486"]
[PlyCount "75"]
[EventDate "2021.12.19"]
[EventType "tourn"]
[EventRounds "9"]
[EventCountry "USA"]
[EventCategory "8"]
[SourceTitle "CBM 205 Extra"]
[Source "ChessBase"]
[SourceDate "2022.01.31"]
[SourceVersion "1"]
[SourceVersionDate "2022.01.31"]
[SourceQuality "1"]

1. e4 e5 2. Nf3 Nc6 3. Bc4 Bc5 4. c3 Nf6 5. d3 d6 6. 0-0 a6 7. a4 Ba7 8. Re1 0-0 9. h3 h6 10. Nbd2 Re8 11. b4 Be6 12. Bxe6 Rxe6 13. Rb1 d5 14. Qc2 d4 15. c4 Qe7 16. Qb3 a5 17. Ba3 Nd7 18. b5 Nb4 19. Bxb4 axb4 20. a5 Nc5 21. Qc2 Rg6 22. g3 Rf8 23. Nb3 Na4 24. Nbxd4 Bxd4 25. Nxd4 Nc5 26. Nf5 Qd7 27. Rxb4 Nxd3 28. Qd2 Rd6 29. Nxd6 Nxe1 30. Qxe1 Qxd6 31. Ra4 Qd3 32. a6 bxa6 33. bxa6 Qc2 34. Ra1 Qxc4 35. Qb1 Kh7 36. a7 Qc6 37. Qb8 Qc3 38. Ra4 1-0

[Event "Charlotte CCCSA Memorial Day GM"]
[Site "Charlotte"]
[Date "2021.05.29"]
[Round "5"]
[White "Paragua, Mark"]
[Black "Ringoir, Tanguy"]
[Result "1/2-1/2"]
[WhiteElo "2529"]
[BlackElo "2474"]
[PlyCount "68"]
[EventDate "2021.05.27"]
[EventType "tourn"]
[EventRounds "9"]
[EventCountry "USA"]
[EventCategory "8"]
[SourceTitle "CBM 203 Extra"]
[Source "ChessBase"]
[SourceDate "2021.09.30"]
[SourceVersion "1"]
[SourceVersionDate "2021.09.30"]
[SourceQuality "1"]

1. d4 Nf6 2. c4 g6 3. Nc3 d5 4. cxd5 Nxd5 5. Bd2 Nb6 6. Bf4 Bg7 7. e3 0-0 8. Nf3 c5 9. dxc5 N6d7 10. Nd5 Nxc5 11. Rc1 Nba6 12. b4 Ne4 13. Bxa6 bxa6 14. Rc7 Bd7 15. Ng5 e6 16. Nxe4 exd5 17. Qxd5 Bb5 18. Qxd8 Rfxd8 19. f3 Rac8 20. Kf2 Rxc7 21. Bxc7 Rc8 22. Rc1 Be5 23. Bxe5 Rxc1 24. Nf6+ Kg7 25. g4 Rc2+ 26. Kg3 Rxa2 27. g5 a5 28. Ne4+ Kg8 29. Nc3 Rd2 30. bxa5 Bc6 31. a6 Rc2 32. Bd4 Kf8 33. Nd1 Ra2 34. Bxa7 Rxa6 1/2-1/2